QCM IIIe République. - Statistiques

Statistiques générales
  • Ce quiz a été pris 1 117 fois
    1 052 depuis la dernière actualisation
  • Le résultat moyen est 8 sur 13
Statistiques - réponses
Question Réponse % Correct
Quel ministre de la IIIe République rendit l'école gratuite, laïque et obligatoire? Ferry
96%
De quand date la séparation de l’Église et de l’État? 1905
87%
A quel régime la IIIe République succède-t-elle? Le 2nd Empire
86%
Quel en est le premier président ? Adolphe Thiers
81%
En quelle année est proclamée la IIIe République 1870
79%
Dans quelle ville le gouvernement se tint-t-il durant l'épisode de la Commune de Paris? Versailles
77%
En quelle année? 1881
69%
En quelle année? 1940
59%
Quel événement mis fin à la IIIe république ? La Seconde guerre mondiale
51%
Quel est le président de la République durant la Première guerre mondiale ? Poincaré
44%
Dans ce régime qui a le plus de pouvoir? Le président du conseil
38%
Le dernier ? Albert Lebrun
37%
Quel régime lui succéda ? L'Etat français
28%
Aucun quiz correspondant
Distribution des résultats
% des personnes avec chaque résultat
Percentile par nombre de réponses
Votre historique - résultats
Vous n’avez pas pris ce quiz depuis la dernière actualisation